000 01043cam a2200301 i 4500
001 42268
003 Mx-PuUPA
005 20230901072028.0
008 140415s1957 sp a gr 000 0 spa d
017 _aB.20.968.-1958
040 _aMx-PuUPA
_bspa
_cMx-PuUPA
_dMx-PuUPA
_erda
041 0 _aspa
100 1 _aBosco, Giovanni,
_cSaint,
_d1815-1888
_914223
_eautor
245 1 3 _aEl joven cristiano :
_binstruido en sus deberes y en los ejercicios de piedad cristiana /
_cSan Juan Bosco
264 1 _aBarcelona :
_bObispado de Barcelona,
_c1957
300 _a435 páginas :
_bilustraciones ;
_c15 cm
336 _2rdacontent
_atexto
_btxt
337 _2rdamedia
_asin medio
_bn
338 _2rdacarrier
_avolumen
_bnc
650 7 _2armarc
_aDevocionarios
650 7 _2armarc
_aOraciones
650 7 _2armarc
_aEducación cristiana de jóvenes
942 _2ddc
_cLI
_h242.63
_iB74
999 _c42268
_d42268